Take A Hint - Victoria Justice & Elizabeth Gillies - All Lyrics - Statistics

General Stats
  • This quiz has been taken 215 times
  • The average score is 366 of 408
Answer Stats
Answer % Correct
a
100%
(La, la-la,
99%
la-la-la-la,
99%
la-la-la-la)
99%
(Hey)
98%
I
97%
oh
97%
(Woah)
97%
you
97%
You
97%
on
96%
Take
96%
take
96%
T-take
96%
your
96%
hint,
95%
hint
95%
in
95%
the
95%
Why
95%
like?
94%
be
93%
me
93%
then
93%
always
92%
am
92%
And
92%
and
92%
my
92%
No,​
92%
"no"
92%
not
92%
think
92%
to
92%
boys
91%
it
91%
it,
91%
never
91%
can
90%
Get
90%
get
90%
get?
90%
mint
90%
right
90%
don't
89%
left
89%
see
89%
when
89%
from
88%
go
88%
hands
88%
Stop
88%
"stop”
88%
that
88%
what
88%
What
88%
at
87%
comin'
87%
'em
87%
But
86%
but
86%
could
86%
for
86%
hit
86%
Let
86%
punch
86%
so
86%
So
86%
starin'
86%
tell
86%
use
86%
Ask
85%
can't
85%
hips
85%
I'll
85%
I'm
85%
I’m
85%
is
85%
is,
85%
lips
85%
off
85%
polite
85%
should
85%
by
84%
up,
84%
up
84%
want
84%
just
83%
or
83%
Or
83%
yeah,
82%
bite
81%
buy
81%
drink
81%
number,
81%
open
81%
we
81%
had
80%
goin'
79%
mouth
79%
seems
79%
put
78%
"hello,"
77%
tryna
77%
friends
76%
hook
75%
if
75%
(One)
75%
started
75%
three
75%
(Three)
75%
priss,
74%
south,
74%
about
73%
opened
73%
told
73%
(Two)
73%
It’s
72%
spot
71%
I'd
70%
was
70%
you'll
70%
every
69%
gone
69%
here
69%
top
69%
yacht,
69%
sign
68%
You’d
68%
count
67%
gonna
67%
time
67%
asked
66%
eyes
66%
really
66%
dropped
65%
interested
65%
let's
64%
dime
63%
you're
63%
name
62%
missin'
61%
link
59%
leavin'
57%
still
48%
guess
45%
No matching quizzes found
Score Distribution
Percent of People with Each Score
Percentile by Number Answered
Your Score History
You have not taken this quiz